MARC

LEADER 00000nam0a2200000 4500
001 90532
005 20231031103557.0
035 |a (RuTPU)RU\TPU\book\97078 
090 |a 90532 
100 |a 20060210d1978 km y0rusy50 ca 
101 0 |a rus 
102 |a RU 
105 |a a z 001zy 
200 1 |a Геология и гидрогеология юго-западных районов Сибирской платформы  |f под ред. С. Г. Каштанова 
210 |a Казань  |c Изд-во Казанского ун-та  |d 1978 
215 |a 96 с.  |c ил. 
320 |a Библиогр. в конце гл. 
320 |a Авт. указаны в огл. 
610 1 |a геология 
610 1 |a Сибирская платформа 
610 1 |a воды подземные 
610 1 |a гидрогеология 
610 1 |a месторождения полезных ископаемых 
610 1 |a стратиграфия 
610 1 |a докембрий 
610 1 |a палеогидрогеология 
610 1 |a бокситовые месторождения 
610 1 |a Енисейский кряж 
610 1 |a карты 
610 1 |a схемы 
675 |a 55(С18)  |v 3 
675 |a 556.3  |v 3 
702 1 |a Каштанов  |b С. Г.  |4 340 
801 1 |a RU  |b 63413507  |c 20060210  |g PSBO 
801 2 |a RU  |b 63413507  |c 20210209  |g PSBO 
900 |a Гидрогеология и инженерная геология МПИ 
942 |c BK